Consumer studies as critical social theory (Record no. 506267)

000 -LEADER
fixed length control field 00394nam a2200157Ia 4500
008 - FIXED-LENGTH DATA ELEMENTS--GENERAL INFORMATION
fixed length control field 181130s2018 xx 000 0 und d
100 ## - MAIN ENTRY--PERSONAL NAME
Personal name Sadian, Samuel
245 ## - TITLE STATEMENT
Title Consumer studies as critical social theory
260 ## - PUBLICATION, DISTRIBUTION, ETC.
Date of publication, distribution, etc. 2018
300 ## - PHYSICAL DESCRIPTION
Extent p.273-303.
504 ## - BIBLIOGRAPHY, ETC. NOTE
-- Jun
650 ## - SUBJECT ADDED ENTRY--TOPICAL TERM
Topical term or geographic name entry element Consumers
650 ## - SUBJECT ADDED ENTRY--TOPICAL TERM
Topical term or geographic name entry element Social theory
773 ## - HOST ITEM ENTRY
Main entry heading Social Science Information
906 ## - LOCAL DATA ELEMENT F, LDF (RLIN)
a Consumers
Holdings
Withdrawn status Lost status Damaged status Not for loan Permanent Location Current Location Date acquired Serial Enumeration / chronology Barcode Date last seen Price effective from Koha item type
        Indian Institute of Public Administration Indian Institute of Public Administration 2018-12-07 57(2), Jun, 2018: p.273-303. AR118062 2018-12-07 2018-12-07 Articles

Powered by Koha